Entry Personal Name
Number of records used in: 1
001 - CONTROL NUMBER
003 - CONTROL NUMBER IDENTIFIER
005 - DATE AND TIME OF LATEST TRANSACTION
- control field:
20220524143123.0
008 - FIXED-LENGTH DATA ELEMENTS
- fixed length control field:
130802n| azannaabn |n aaa
010 ## - LIBRARY OF CONGRESS CONTROL NUMBER
- LC control number:
n 2013185224
035 ## - SYSTEM CONTROL NUMBER
- System control number:
(DNLM)1575801
040 ## - CATALOGING SOURCE
- Original cataloging agency:
DNLM
- Language of cataloging:
eng
- Description conventions:
rda
- Transcribing agency:
DNLM
100 1# - HEADING--PERSONAL NAME
- Personal name:
Updegraff, John A.
670 ## - SOURCE DATA FOUND
- Source citation:
Health psychology, 2014:
- Information found:
t.p. (John A. Updegraff, Kent State University)